Quizzle IV - Sports (British Vocab) - Statistics

General Stats
  • This quiz has been taken 2 times
  • The average score is 15 of 17
Answer Stats
Hint Answer % Correct
Arc_____ Archery
100%
Bad_____ Badminton
100%
Bas_____ Baseball
100%
Bask_____ Basketball
100%
Bow_____ Bowling
100%
Box_____ Boxing
100%
Chee_____ Cheerleading
100%
Cur_____ Curling
100%
Div_____ Diving
100%
Foo_____ Football
100%
Go_____ Golf
100%
Sno_____ Snooker
100%
Voll_____ Volleyball
100%
Wre_____ Wrestling
100%
Ru_____ Rugby
50%
Da_____ Darts
0%
For_____ On_____ Formula One
0%
No matching quizzes found
Score Distribution
Percent of People with Each Score
Percentile by Number Answered
Your Score History
You have not taken this quiz